[Event "Chernivtsi op"]
[Site "Chernivtsi"]
[Date "2021.07.20"]
[Round "1"]
[White "Padalka, Artem"]
[Black "Khrinovskyi, Iurii"]
[Result "0-1"]
[WhiteElo "2203"]
[BlackElo "1730"]
[PlyCount "80"]
[EventDate "2021.07.20"]
[EventType "swiss"]
[EventRounds "9"]
[EventCountry "UKR"]
[SourceTitle "CBM 203 Extra"]
[Source "ChessBase"]
[SourceDate "2021.09.30"]
[SourceVersion "1"]
[SourceVersionDate "2021.09.30"]
[SourceQuality "1"]

1. Nf3 Nf6 2. b3 e6 3. Bb2 d5 4. e3 Be7 5. d4 0-0 6. Bd3 b6 7. Nbd2 Bb7 8. 0-0 Nbd7 9. c4 dxc4 10. bxc4 c5 11. Qe2 cxd4 12. exd4 Rc8 13. a4 Bd6 14. Ne5 Qc7 15. f4 Rfd8 16. Ndf3 h6 17. Rac1 Nf8 18. f5 N6d7 19. Nxf7 Kxf7 20. fxe6+ Kg8 21. exd7 Rxd7 22. d5 Re7 23. Qc2 Rce8 24. h3 Bc8 25. Nd4 Bc5 26. Kh1 Bxh3 27. gxh3 Re3 28. Qg2 Rxd3 29. Nf5 Re2 30. d6 Qb7 31. Ne7+ Rxe7 32. Rxf8+ Kxf8 33. dxe7+ Qxe7 34. Qa8+ Rd8 35. Rf1+ Kg8 36. Qg2 Rd3 37. Bc1 Qe6 38. Rf3 Rxf3 39. Qxf3 Qe1+ 40. Kh2 Qg1# 0-1